[Event "Retro WM 84 Glasgow"]
[Site "Klingenberg"]
[Date "2019.12.14"]
[Round "32"]
[White "Cyrus II Chess Amstrad , 8 MHz"]
[Black "Petrosjan Glasgow TM , 20 MHz"]
[Result "0-1"]
[WhiteElo "1670"]
[BlackElo "1830"]
[PlyCount "97"]

1. e4 e5 2. Nf3 Nc6 3. Bb5 a6 4. Ba4 Nf6 5. Bxc6 dxc6 6. d3 Bd6 7. Be3 O-O 8.
Nc3 Ng4 9. Qd2 f5 10. Bg5 Qe8 11. h3 Nf6 12. exf5 Bxf5 13. O-O-O e4 14. Rde1
Bc5 15. Bxf6 Rxf6 16. Nxe4 Bxe4 17. Rxe4 Qg6 18. Rg4 Qf7 19. Kb1 Rd8 20. d4 Ba7
21. Qb4 b5 22. Re1 c5 23. dxc5 Rf5 24. Rd4 Rxd4 25. Qxd4 Bxc5 26. Qd8+ Bf8 27.
h4 Qg6 28. Ng5 Rxf2 29. Qxc7 h6 30. Nf3 Qxg2 31. Nd4 Rf1 32. Qe5 Qh1 33. Qe6+
Kh8 34. Nf3 Qxf3 35. a3 Qh1 36. Rxf1 Qxf1+ 37. Ka2 Qf6 38. Qxf6 gxf6 39. Kb3 f5
40. h5 f4 41. Kc3 Bg7+ 42. Kd3 Bxb2 43. Ke4 Bc1 44. c4 bxc4 45. a4 c3 46. Kd3
Bd2 47. Ke2 a5 48. Kd3 f3 49. Kc4 0-1

[Event "Retro WM 84 Glasgow"]
[Site "Klingenberg"]
[Date "2019.12.14"]
[Round "26"]
[White "Petrosjan Glasgow TM , 20 MHz"]
[Black "Colossus 3.0 Atari 8 Bit , 3,5 MHz"]
[Result "1-0"]
[WhiteElo "1830"]
[BlackElo "1800"]
[PlyCount "55"]

1. e4 Nc6 2. Nf3 d6 3. Bb5 Nf6 4. Nc3 Bg4 5. d4 e6 6. d5 Bxf3 7. Qxf3 a6 8.
dxc6 axb5 9. cxb7 Rb8 10. Nxb5 Rxb7 11. a4 Be7 12. e5 Nd5 13. c4 dxe5 14. cxd5
Qxd5 15. Qg4 O-O 16. O-O Rd8 17. Bh6 g6 18. Rfd1 Qb3 19. Rxd8+ Bxd8 20. Qe4
Qxb2 21. Rb1 Qa2 22. Rd1 Rb8 23. Qxe5 Qxf2+ 24. Kxf2 Bh4+ 25. g3 f6 26. Qxc7
Bxg3+ 27. hxg3 Re8 28. Qg7# 1-0

[Event "Retro WM 84 Glasgow"]
[Site "Klingenberg"]
[Date "2019.12.14"]
[Round "7"]
[White "Colossus 3.0 Atari 8 Bit , 3,5 MHz"]
[Black "Petrosjan Glasgow TM , 20 MHz"]
[Result "1/2-1/2"]
[WhiteElo "1800"]
[BlackElo "1830"]
[PlyCount "82"]

1. d4 d5 2. Nf3 Nc6 3. Bf4 Bg4 4. e3 e6 5. Bb5 Bd6 6. Bxc6+ bxc6 7. Bxd6 Qxd6
8. Nc3 Qb4 9. Rb1 Nf6 10. O-O O-O 11. a3 Qa5 12. Re1 Bf5 13. Nh4 Bg6 14. Nxg6
fxg6 15. e4 Qb6 16. e5 Nd7 17. Re3 c5 18. Na4 Qc6 19. Nxc5 Nxc5 20. Rc3 Rab8
21. Rxc5 Qb6 22. c4 c6 23. cxd5 cxd5 24. Qc1 Rf5 25. f3 Qb3 26. Rc7 Qd3 27.
Rc8+ Rf8 28. Rxf8+ Rxf8 29. Qd1 Qe3+ 30. Kh1 Rc8 31. Qg1 Qxg1+ 32. Kxg1 Rc2 33.
Rd1 Rxb2 34. Rc1 a5 35. Rc8+ Kf7 36. Rc7+ Kg8 37. f4 Rd2 38. Rc8+ Kf7 39. Rc7+
Kg8 40. Rc8+ Kf7 41. Rc7+ Kg8 1/2-1/2

[Event "Retro WM 84 Glasgow"]
[Site "Klingenberg"]
[Date "2019.12.14"]
[Round "14"]
[White "Cyrus II Chess Amstrad , 8 MHz"]
[Black "Chafitz ARB 4.0 50 S TM , 24 MHz"]
[Result "0-1"]
[WhiteElo "1670"]
[BlackElo "1915"]
[PlyCount "106"]

1. e4 e5 2. Nf3 Nc6 3. Bc4 Nf6 4. d4 exd4 5. e5 d5 6. Bb5 Ne4 7. Nxd4 Bd7 8.
Bxc6 bxc6 9. O-O Bc5 10. f3 Ng5 11. Nc3 Rb8 12. Na4 Be7 13. Bxg5 Bxg5 14. f4
Be7 15. c3 c5 16. Nf3 O-O 17. Rf2 Qe8 18. b3 Bxa4 19. bxa4 Qc6 20. Rd2 Rfd8 21.
Qc2 c4 22. Re1 Qd7 23. Kh1 c5 24. Red1 Qc6 25. a5 Qd7 26. Rxd5 Qxd5 27. Rxd5
Rxd5 28. Qe4 Rd1+ 29. Ng1 Rbb1 30. h3 Rxg1+ 31. Kh2 h5 32. Qa8+ Bf8 33. h4 Rbc1
34. Qf3 Rgf1 35. Qe3 Rh1+ 36. Kg3 Be7 37. f5 Bxh4+ 38. Kf3 Rhf1+ 39. Ke4 Rce1
40. Qxe1 Bxe1 41. e6 fxe6 42. fxe6 Bxc3 43. Kd5 Rf4 44. a6 Bf6 45. g3 Rd4+ 46.
Kxc5 c3 47. e7 Kf7 48. e8=Q+ Kxe8 49. g4 c2 50. Kc6 c1=Q+ 51. Kb7 Rd7+ 52. Kb8
Be5+ 53. Ka8 Qc6# 0-1

[Event "Retro WM 84 Glasgow"]
[Site "Klingenberg"]
[Date "2019.12.14"]
[Round "27"]
[White "Colossus 3.0 Atari 8 Bit , 3,5 MHz"]
[Black "Chafitz ARB 4.0 50 S TM , 24 MHz"]
[Result "0-1"]
[WhiteElo "1800"]
[BlackElo "1915"]
[PlyCount "74"]

1. d4 d5 2. Bf4 Nf6 3. Nf3 c5 4. dxc5 Na6 5. e3 Nxc5 6. c4 Bf5 7. cxd5 Qxd5 8.
Nc3 Nd3+ 9. Bxd3 Qxd3 10. Ne5 Qa6 11. g4 Be6 12. e4 Rd8 13. Qf3 h6 14. Rg1 g5
15. Bg3 h5 16. gxh5 Nxh5 17. a4 Nxg3 18. Qxg3 Qb6 19. Rd1 Rxd1+ 20. Nxd1 Qb4+
21. Nc3 Qxb2 22. Ne2 Qa1+ 23. Kd2 Qb2+ 24. Ke1 Qb1+ 25. Kd2 Qxe4 26. Nc3 Qd4+
27. Nd3 f6 28. Qb8+ Kf7 29. Nb5 Qxa4 30. Nxa7 g4 31. Qxb7 Bh6+ 32. f4 gxf3+ 33.
Ke1 Qa1+ 34. Kf2 Qd4+ 35. Kf1 Bh3+ 36. Rg2 Bxg2+ 37. Ke1 Qg1# 0-1

[Event "Retro WM 84 Glasgow"]
[Site "Klingenberg"]
[Date "2019.12.14"]
[Round "8"]
[White "Chafitz ARB 4.0 50 S TM , 24 MHz"]
[Black "Colossus 3.0 Atari 8 Bit , 3,5 MHz"]
[Result "1-0"]
[WhiteElo "1915"]
[BlackElo "1800"]
[PlyCount "119"]

1. Nf3 Nf6 2. g3 c5 3. Nc3 d5 4. e3 Nc6 5. d4 cxd4 6. exd4 Bf5 7. Nh4 Bd7 8.
Bg2 e6 9. O-O Bb4 10. Bf4 Bxc3 11. bxc3 O-O 12. Qd3 Rc8 13. Rab1 b6 14. Bd6 Ne7
15. Rfe1 Ba4 16. Bf4 Nc6 17. Bg5 h6 18. Bd2 Re8 19. Be3 Ng4 20. Bc1 g5 21. Nf3
Rc7 22. Ba3 e5 23. Qe2 e4 24. Nd2 h5 25. f3 Bxc2 26. fxg4 Bd3 27. Qf2 Bxb1 28.
Nxb1 hxg4 29. Qf5 Re6 30. Qxg4 Na5 31. Bc1 Rg6 32. Rf1 Nc4 33. Qh5 Nd6 34. Ba3
Rc4 35. Bb2 Rg7 36. Nd2 Rc6 37. Qe2 Rh7 38. c4 Nxc4 39. Nxc4 Rxc4 40. Bxe4 Rh6
41. Qf3 Rc7 42. Bxd5 Qe8 43. Qf5 Qe3+ 44. Rf2 Rh7 45. Qf6 Re7 46. Bc3 Qc1+ 47.
Kg2 Qe3 48. Bd2 Qa3 49. Bxg5 Rd7 50. Qg6+ Rg7 51. Qc6 Qd6 52. Qc8+ Kh7 53. Be4+
f5 54. Rxf5 Rg6 55. Rf6 Rc7 56. Bxg6+ Kg7 57. Bh6+ Kxf6 58. Qf5+ Ke7 59. Qf7+
Kd8 60. Qe8# 1-0

[Event "Retro WM 84 Glasgow"]
[Site "Klingenberg"]
[Date "2019.12.14"]
[Round "11"]
[White "Petrosjan Glasgow TM , 20 MHz"]
[Black "Chafitz ARB 4.0 50 S TM , 24 MHz"]
[Result "0-1"]
[WhiteElo "1830"]
[BlackElo "1915"]
[PlyCount "128"]

1. Nf3 d5 2. d4 Nf6 3. e3 e6 4. Bd3 c5 5. O-O c4 6. Be2 Bd6 7. b3 cxb3 8. axb3
O-O 9. c4 dxc4 10. Bxc4 Nc6 11. Ba3 Bxa3 12. Nxa3 Bd7 13. Qc2 Qb6 14. Ng5 Nb4
15. Qd2 h6 16. Nf3 Ne4 17. Qb2 Bc6 18. Ne5 Nd5 19. Bd3 Nef6 20. Nac4 Qc7 21.
Nxc6 Qxc6 22. Rfd1 Nb4 23. Be2 a6 24. Bf3 Nfd5 25. Ra4 Qd7 26. e4 b5 27. exd5
bxa4 28. dxe6 Qxe6 29. Bxa8 Rxa8 30. Qd2 a5 31. d5 Qa6 32. Rb1 axb3 33. Ne3 Qd6
34. Rxb3 Rc8 35. Nf5 Qe5 36. Ne3 Qa1+ 37. Nf1 Rc1 38. Qe2 Nxd5 39. Rb8+ Kh7 40.
Qb5 g6 41. Rb7 Nc7 42. Qe2 a4 43. Ra7 a3 44. Qd3 a2 45. Qe2 Kg7 46. h3 Qb1 47.
Qxa2 Rxf1+ 48. Kh2 Rh1+ 49. Kg3 Qb6 50. Qa5 Qd6+ 51. f4 Qd3+ 52. Kh4 Nb5 53.
Ra8 Qe4 54. Rg8+ Kxg8 55. Qd2 g5+ 56. Kg3 Rd1 57. Qf2 gxf4+ 58. Kh2 Qe3 59.
Qxe3 fxe3 60. Kg3 e2 61. Kf4 e1=Q 62. h4 Qf2+ 63. Ke5 Qd4+ 64. Kf5 Nd6# 0-1

[Event "Retro WM 84 Glasgow"]
[Site "Klingenberg"]
[Date "2019.12.14"]
[Round "5"]
[White "Meph. Excalibur X NY , 8 MHz"]
[Black "Psion Sinclair QL , 7,5 MHz"]
[Result "0-1"]
[WhiteElo "1750"]
[BlackElo "1787"]
[PlyCount "88"]

1. e4 c5 2. Nc3 Nc6 3. f4 e6 4. Nf3 d5 5. Bb5 Nge7 6. Qe2 d4 7. Na4 a6 8. Bxc6+
Nxc6 9. Ng5 b5 10. Nxf7 Kxf7 11. Nxc5 Qh4+ 12. g3 Qh6 13. Nb3 Be7 14. O-O Qh3
15. a4 Rb8 16. Qf3 bxa4 17. Rxa4 Rd8 18. Rc4 Bb7 19. d3 Rd7 20. Bd2 Rbd8 21.
Ra1 Kg8 22. Qd1 e5 23. Qf3 Rf8 24. Nc5 Bxc5 25. Rxc5 Re7 26. Qf1 Qg4 27. Qg2 h6
28. Rd5 Bc8 29. Rc5 Rf6 30. Rd5 Bb7 31. Qf1 exf4 32. Be1 fxg3 33. Qg2 gxh2+ 34.
Kxh2 Qxg2+ 35. Kxg2 Ref7 36. Ra4 Rg6+ 37. Bg3 Bc8 38. Kh2 Rf3 39. Raxd4 Rfxg3
40. Rd8+ Kh7 41. Rxc8 Nxd4 42. Rf8 R3g5 43. Rf5 Nxf5 44. Kh1 Rh5# 0-1

[Event "Retro WM 84 Glasgow"]
[Site "Klingenberg"]
[Date "2019.12.14"]
[Round "34"]
[White "Psion Sinclair QL , 7,5 MHz"]
[Black "Petrosjan Glasgow TM , 20 MHz"]
[Result "1-0"]
[WhiteElo "1787"]
[BlackElo "1830"]
[PlyCount "147"]

1. e4 e6 2. d4 d5 3. Nd2 c5 4. exd5 Qxd5 5. Ngf3 cxd4 6. Bc4 Qd6 7. O-O Nf6 8.
Nb3 Be7 9. Qxd4 Nc6 10. Qxd6 Bxd6 11. Rd1 Bc7 12. Bg5 Ne4 13. Be3 O-O 14. Nc5
Nf6 15. Bg5 b6 16. Bxf6 bxc5 17. Bc3 Rb8 18. Bb3 h6 19. Rab1 Bf4 20. Bd2 Bxd2
21. Rxd2 Ba6 22. Rd6 Rb6 23. Rd7 Rd8 24. Ne5 Rxd7 25. Nxd7 Rb4 26. Nxc5 Be2 27.
c3 Rb5 28. Re1 Bg4 29. Nd7 Ra5 30. f3 Bf5 31. g4 Bd3 32. a3 h5 33. h3 hxg4 34.
hxg4 Rg5 35. Ba4 Bb5 36. Bxb5 Rxb5 37. b4 Rd5 38. Nc5 Rd2 39. a4 Ra2 40. a5 Rc2
41. Re3 Ne7 42. Rd3 Nd5 43. Ne4 f6 44. Kf1 Kf7 45. Ke1 g5 46. a6 Ke7 47. b5 Kf7
48. c4 Nb6 49. c5 Nd5 50. Rd2 Rc1+ 51. Rd1 Rc2 52. c6 Kf8 53. Nxf6 Nxf6 54. b6
Rxc6 55. b7 Rb6 56. Rd8+ Ke7 57. b8=Q Rxb8 58. Rxb8 e5 59. Rb7+ Kd6 60. Rxa7
Ne8 61. Rg7 Nc7 62. a7 Na8 63. Rg8 Nc7 64. Rc8 e4 65. fxe4 Kd7 66. Rxc7+ Kxc7
67. a8=Q Kd6 68. Qd5+ Ke7 69. e5 Kf8 70. Qb7 Kg8 71. e6 Kh8 72. e7 Kg7 73.
e8=Q+ Kf6 74. Qbe7# 1-0

[Event "Retro WM 84 Glasgow"]
[Site "Salzgitter - Neudorf"]
[Date "2020.01.26"]
[Round "28"]
[White "Chafitz ARB 4.0 50 S TM , 16 MHz"]
[Black "Chafitz Steinitz TM , 20 MHz"]
[Result "0-1"]
[WhiteElo "1885"]
[BlackElo "1890"]
[PlyCount "153"]

1. e4 c6 2. d4 d5 3. Nc3 dxe4 4. Nxe4 Bf5 5. Ng3 Bg6 6. h4 h6 7. Nf3 Nd7 8. h5
Bh7 9. Bd3 Bxd3 10. Qxd3 Qc7 11. Bd2 e6 12. Qe2 Ngf6 13. c4 Be7 14. c5 b6 15.
b4 O-O 16. O-O Nd5 17. a4 N7f6 18. Ne5 Nd7 19. Nd3 N7f6 20. Qf3 Kh7 21. Ne4 Kg8
22. Nxf6+ Bxf6 23. Qg4 Kh7 24. Rae1 Qb7 25. a5 Qa6 26. Ne5 Qb7 27. Rc1 b5 28.
Rb1 Qc7 29. a6 Rad8 30. Qf3 Ne7 31. Qe4+ Kg8 32. Rbd1 Nd5 33. Ra1 Ne7 34. Ra2
Nd5 35. Ra3 Bg5 36. Bxg5 hxg5 37. Rb1 Rde8 38. Qg4 Nf4 39. g3 Nd5 40. Kg2 f6
41. Ng6 Rf7 42. Qe4 Rd7 43. Rab3 Qc8 44. Ra1 Qc7 45. f3 Rdd8 46. Qe2 Qd7 47.
Raa3 Qc8 48. Qb2 Nc7 49. Qa1 Rd7 50. Rd3 Red8 51. Rd2 Qb8 52. Rd1 Qa8 53. f4
gxf4 54. Nxf4 e5 55. Ne2 Qc8 56. Rd2 Rd5 57. Qa2 Qe6 58. Rf3 Qf7 59. h6 gxh6
60. Qa1 f5 61. Rd1 Ne6 62. Rh1 e4 63. Rf2 Nxd4 64. Nxd4 Rxd4 65. Rxh6 Qd5 66.
Kh2 e3 67. Re2 Qf3 68. Rg2 e2 69. Qe1 Kg7 70. Rh4 Rd2 71. Rf4 Rh8+ 72. Rh4 Qe3
73. Rxh8 Kxh8 74. Rg1 Rd1 75. Kg2 Rxe1 76. Rxe1 Kg7 77. Ra1 0-1

[Event "Retro WM 84 Glasgow"]
[Site "Neudorf - Salzgitter"]
[Date "2020.01.26"]
[Round "9"]
[White "Chafitz Steinitz TM , 20 MHz"]
[Black "Chafitz ARB 4.0 50 S TM , 16 MHz"]
[Result "0-1"]
[WhiteElo "1890"]
[BlackElo "1885"]
[PlyCount "48"]

1. b3 e5 2. Bb2 Nc6 3. c4 Nf6 4. e3 Be7 5. Be2 O-O 6. Nc3 d5 7. Nf3 d4 8. exd4
exd4 9. Nb5 d3 10. Bf1 Bc5 11. Ne5 Nxe5 12. Bxe5 Ng4 13. Bd4 Bxd4 14. Bxd3 Re8+
15. Kf1 Qh4 16. Qf3 Nxh2+ 17. Rxh2 Qxh2 18. Be4 Bxa1 19. g4 c6 20. Nc3 Qh4 21.
Bf5 Bxf5 22. gxf5 Qd4 23. Nb1 Qb2 24. Qd1 Qxa2 0-1

[Event "Retro WM 84 Glasgow"]
[Site "Salzgitter"]
[Date "2020.02.08"]
[Round "5"]
[White "Mephisto III-S Glasgow , 12 MHz"]
[Black "Chafitz ARB 4.0 50 S TM , 16 MHz"]
[Result "1-0"]
[WhiteElo "1776"]
[BlackElo "1885"]
[PlyCount "95"]

1. e4 c6 2. d4 d5 3. exd5 cxd5 4. Bd3 Nc6 5. c3 Nf6 6. Bf4 Bg4 7. Qb3 Na5 8.
Qa4+ Bd7 9. Qc2 h6 10. Nf3 g5 11. Be5 g4 12. Nfd2 Nc6 13. Qb3 Na5 14. Qa3 Nc6
15. O-O e6 16. Qb3 Na5 17. Qd1 Nc6 18. Na3 Bxa3 19. bxa3 Rg8 20. Rb1 b6 21. f3
Rc8 22. Bxf6 Qxf6 23. Ba6 Rc7 24. Qe2 g3 25. h3 Nb8 26. Rbc1 Nxa6 27. Qxa6 Rxc3
28. Nb3 Rc4 29. Rxc4 dxc4 30. Qxc4 a5 31. Nd2 Qg5 32. Ne4 Qe3+ 33. Kh1 Ke7 34.
Qc7 Qxd4 35. Rb1 Qd3 36. Re1 h5 37. Qxb6 Qxa3 38. Qc7 Rc8 39. Qxg3 Qxa2 40.
Qd6+ Kd8 41. Nf6 Qa4 42. Rd1 Qxd1+ 43. Qxd1 Rc7 44. Qd6 Kc8 45. Qf8+ Kb7 46.
Qxf7 Bc8 47. Qxh5 Rf7 48. Qxf7+ 1-0

[Event "Retro WM 84 Glasgow"]
[Site "Salzgitter"]
[Date "2020.02.08"]
[Round "24"]
[White "Chafitz ARB 4.0 50 S TM , 16 MHz"]
[Black "Mephisto III-S Glasgow , 12 MHz"]
[Result "1-0"]
[WhiteElo "1885"]
[BlackElo "1776"]
[PlyCount "89"]

1. c4 e5 2. Nc3 Nc6 3. Nf3 Nf6 4. g3 Bb4 5. Bg2 O-O 6. O-O Bxc3 7. bxc3 d5 8.
cxd5 Qxd5 9. Ba3 Rd8 10. d3 e4 11. dxe4 Qc4 12. Qb3 Qxb3 13. axb3 Nxe4 14. c4
Bg4 15. Rfc1 Rab8 16. e3 f5 17. Nh4 g5 18. f3 gxh4 19. fxg4 hxg3 20. gxf5 gxh2+
21. Kxh2 Re8 22. Rg1 Kf7 23. Bb2 h6 24. Bf3 Nf6 25. Bxc6 bxc6 26. Rxa7 Rxb3 27.
Rxc7+ Re7 28. Rg7+ Kf8 29. Bxf6 Rxc7 30. Rxc7 Rxe3 31. c5 Rf3 32. Bg7+ Ke8 33.
f6 h5 34. Rxc6 Kf7 35. Rc7+ Ke6 36. Re7+ Kd5 37. Kg2 Rf5 38. f7 Kc4 39. c6 Rf4
40. c7 Rg4+ 41. Kf3 Rxg7 42. c8=Q+ Kd5 43. Rd7+ Ke6 44. Qc6+ Ke5 45. Rd5# 1-0

[Event "Retro WM 84 Glasgow"]
[Site "Salzgitter"]
[Date "2020.02.09"]
[Round "1"]
[White "Chafitz ARB 4.0 50 S TM , 16 MHz"]
[Black "Fidelity Prestige Glasg. CB16, 6 MHz"]
[Result "1/2-1/2"]
[WhiteElo "1885"]
[BlackElo "1870"]
[PlyCount "99"]

1. d4 d5 2. Nf3 Nf6 3. e3 e6 4. Bd3 c5 5. c3 Nbd7 6. Nbd2 Bd6 7. O-O O-O 8. Re1
Qc7 9. e4 cxd4 10. cxd4 dxe4 11. Nxe4 Nxe4 12. Rxe4 Nf6 13. Rh4 h6 14. Bd2 Bd7
15. Qb3 Bc6 16. Rc1 Rac8 17. Bb4 Bf4 18. Rc2 Rfd8 19. Qa3 Nd5 20. Ba5 b6 21.
Be1 Bd6 22. Qb3 Qe7 23. Bd2 Nb4 24. Bxb4 Bxb4 25. Be4 Bxe4 26. Rxe4 Rxc2 27.
Qxc2 Bd6 28. d5 Qf6 29. dxe6 fxe6 30. Qb3 Kf7 31. Qa4 Qxb2 32. Qxa7+ Kg8 33.
Qa4 Bc5 34. Kh1 Qxf2 35. Re1 Rd2 36. Qg4 Re2 37. Rd1 Qe3 38. Qa4 e5 39. Qg4 Bf8
40. Qe6+ Kh8 41. Qf7 Bd6 42. Qe8+ Kh7 43. Qe6 Qf2 44. Qf5+ Kg8 45. Qe6+ Kh8 46.
Qc8+ Kh7 47. Qf5+ Kg8 48. Qe6+ Kh8 49. Qc8+ Kh7 50. Qf5+ 1/2-1/2

[Event "Retro WM 84 Glasgow"]
[Site "Salzgitter"]
[Date "2020.02.09"]
[Round "20"]
[White "Fidelity Prestige Glasg. CB16, 6 MHz"]
[Black "Chafitz ARB 4.0 50 S TM , 16 MHz"]
[Result "1/2-1/2"]
[WhiteElo "1870"]
[BlackElo "1885"]
[PlyCount "128"]

1. Nf3 d5 2. b4 Nf6 3. Bb2 e6 4. a3 Bd6 5. Nc3 O-O 6. Nb5 Be7 7. Be5 Na6 8. e3
Ng4 9. Bf4 Bd7 10. Nc3 Bd6 11. Bxd6 cxd6 12. Bxa6 bxa6 13. O-O Bb5 14. Nxb5
axb5 15. Nd4 Qh4 16. h3 Ne5 17. Nxb5 a6 18. Nd4 Nc4 19. d3 Ne5 20. f4 Nd7 21.
Qf3 Rac8 22. Qf2 Qh5 23. b5 e5 24. fxe5 dxe5 25. Nf5 Qg5 26. bxa6 Qf6 27. Qe2
Nc5 28. a7 Ra8 29. d4 Ne4 30. Qb5 Nd2 31. dxe5 Qxe5 32. Rfd1 Rxa7 33. Qd3 Rfa8
34. Qxd2 Qxf5 35. Qxd5 Qxd5 36. Rxd5 Kf8 37. Rd3 Ra4 38. Rb3 Ke8 39. Kf2 Rc4
40. c3 Rac8 41. Rc1 Ra4 42. Ke2 Rca8 43. Ra1 f5 44. Kd3 Ke7 45. Kc2 Kd6 46. Rb7
g6 47. Rxh7 Rxa3 48. Rxa3 Rxa3 49. g4 fxg4 50. Kb2 Ra5 51. Rh6 gxh3 52. Rxg6+
Kc5 53. Rh6 Kc4 54. Rxh3 Kd3 55. Kb3 Rb5+ 56. Ka4 Rc5 57. Kb4 Rc4+ 58. Kb5 Kxc3
59. e4+ Kd4 60. Rh1 Rc5+ 61. Kb6 Re5 62. Rd1+ Ke3 63. Kc6 Rxe4 64. Kd5 Rg4
1/2-1/2

[Event "Retro WM 84 Glasgow "]
[Site "Salzgitter"]
[Date "2020.02.16"]
[Round "35"]
[White "Sandy TSB 4 La Regence , 8 MHz"]
[Black "Mephisto III-S Glasgow , 12 MHz"]
[Result "0-1"]
[WhiteElo "1730"]
[BlackElo "1776"]
[PlyCount "148"]

1. d4 Nf6 2. c4 e6 3. Nc3 d5 4. e3 Bb4 5. Bd3 dxc4 6. Bxc4 O-O 7. Nf3 Nc6 8.
O-O Bd6 9. e4 Bb4 10. Qd3 Re8 11. e5 Nd5 12. Bg5 f6 13. Bd2 Bxc3 14. bxc3 Bd7
15. Rab1 b6 16. Rfe1 Na5 17. exf6 Nxc4 18. f7+ Kxf7 19. Bg5 Qb8 20. Qxc4 Kg8
21. Ne5 Qc8 22. Qd3 c5 23. dxc5 h6 24. cxb6 axb6 25. Be3 b5 26. Nxd7 Qxd7 27.
Rxb5 Rec8 28. c4 Nb6 29. Qd4 Qxd4 30. Bxd4 Nxc4 31. Rb7 e5 32. Ba7 Na5 33. Rd7
Nc6 34. Be3 Rxa2 35. Red1 e4 36. R7d6 Rc2 37. Rg6 Kh8 38. Re6 Rc4 39. Rdd6 Nb4
40. Rd1 Kg8 41. Re7 Nc6 42. Rb7 Ne5 43. Rb5 Ng4 44. Bf4 Rf8 45. Bd6 Rxf2 46.
Rb8+ Kh7 47. Rf1 Rxf1+ 48. Kxf1 Rc1+ 49. Ke2 Rc2+ 50. Kf1 Ne3+ 51. Kg1 Rxg2+
52. Kh1 Rd2 53. Kg1 Rxd6 54. Kf2 Rd3 55. h4 Nf5 56. h5 Rh3 57. Rb4 Rh2+ 58. Kg1
Rh4 59. Kg2 Kg8 60. Ra4 Kf7 61. Ra7+ Kf6 62. Ra4 Kg5 63. Ra5 Rxh5 64. Rb5 Kf4
65. Kg1 Kf3 66. Rb3+ e3 67. Rb5 g6 68. Rb6 e2 69. Re6 e1=Q+ 70. Rxe1 Ng3 71.
Re3+ Kxe3 72. Kg2 Ne2 73. Kf1 Rg5 74. Ke1 Rg1# 0-1

[Event "Retro WM 84 Glasgow"]
[Site "Salzgitter"]
[Date "2020.02.16"]
[Round "16"]
[White "Mephisto III-S Glasgow , 12 MHz"]
[Black "Sandy TSB 4 La Regence , 8 MHz"]
[Result "1-0"]
[WhiteElo "1776"]
[BlackElo "1730"]
[PlyCount "77"]

1. d4 d5 2. Bg5 Nf6 3. Bxf6 exf6 4. e3 Nc6 5. Bd3 Be6 6. Nc3 Bb4 7. Nge2 O-O 8.
O-O Qd6 9. f3 a5 10. Nb5 Qd7 11. c3 Be7 12. Qc2 f5 13. Ng3 g6 14. Qa4 Rfd8 15.
e4 fxe4 16. fxe4 dxe4 17. Bxe4 Bg5 18. Rfe1 Bf4 19. d5 Bxd5 20. Bf5 Be3+ 21.
Rxe3 gxf5 22. Qf4 Ne7 23. Nxc7 Ng6 24. Qd4 f6 25. Nxa8 Rxa8 26. Rd3 Rd8 27.
Rad1 Qc6 28. c4 Ne5 29. Nxf5 Qe6 30. Rg3+ Kh8 31. Ng7 Qc6 32. cxd5 Qc2 33. Ne6
Rd6 34. Rc3 Qg6 35. Rc8+ Qg8 36. Qf2 Nf3+ 37. Qxf3 Rd7 38. Qxf6+ Rg7 39. Qxg7#
1-0

[Event "Retro WM 84 Glasgow"]
[Site "Salzgitter"]
[Date "2020.02.18"]
[Round "33"]
[White "Sandy TSB 4 La Regence , 8 MHz"]
[Black "Chafitz ARB 4.0 50 S TM , 16 MHz"]
[Result "0-1"]
[WhiteElo "1730"]
[BlackElo "1885"]
[PlyCount "52"]

1. e4 e6 2. d4 d5 3. Nd2 c5 4. exd5 exd5 5. Ngf3 Nc6 6. Qe2+ Be6 7. Nb3 c4 8.
Nc5 Bxc5 9. dxc5 Qa5+ 10. Qd2 Qxc5 11. Be2 Nf6 12. Qg5 Ne4 13. Qxg7 Qxf2+ 14.
Kd1 O-O-O 15. Rf1 Rhg8 16. Qxh7 Qxg2 17. Qh6 d4 18. Qf4 d3 19. cxd3 cxd3 20.
Re1 Nf2+ 21. Kd2 dxe2+ 22. Nd4 Nxd4 23. b4 Nb5+ 24. Kc2 Qg6+ 25. Kb2 Nd1+ 26.
Rxd1 exd1=N# 0-1

[Event "Retro WM 84 Glasgow"]
[Site "Salzgitter"]
[Date "2020.02.18"]
[Round "14"]
[White "Chafitz ARB 4.0 50 S TM , 16 MHz"]
[Black "Sandy TSB 4 La Regence , 8 MHz"]
[Result "1-0"]
[WhiteElo "1885"]
[BlackElo "1730"]
[PlyCount "123"]

1. c4 e5 2. Nc3 Nf6 3. g3 d5 4. cxd5 Nxd5 5. Bg2 Nb6 6. d3 Bc5 7. Nf3 Nc6 8.
O-O Be6 9. Ng5 Qd7 10. Nxe6 Qxe6 11. Nb5 O-O-O 12. Bxc6 bxc6 13. Nc3 Kb8 14. e4
Rhe8 15. Be3 Bxe3 16. fxe3 f6 17. a4 Rd6 18. a5 Nd7 19. d4 exd4 20. exd4 Nc5
21. Qh5 Nxe4 22. Qxh7 Nxc3 23. bxc3 Qe3+ 24. Kh1 Qxc3 25. Rab1+ Kc8 26. Qxg7
Qxd4 27. Rf4 Qd5+ 28. Kg1 Rg8 29. Qh6 Qc5+ 30. Rf2 Qd5 31. Rf4 f5 32. Qh7 Rdg6
33. Rbf1 Qxa5 34. Rxf5 Qb6+ 35. Kh1 Qb4 36. R5f4 Qd6 37. Qh3+ Re6 38. Rf7 Rge8
39. Qg4 Rh8 40. Rxc7+ Kxc7 41. Qg7+ Re7 42. Qxh8 Qd5+ 43. Kg1 Qc5+ 44. Kh1 Qd5+
45. Kg1 Qc5+ 46. Kh1 Qc4 47. Qa1 Qe4+ 48. Kg1 Qe3+ 49. Kg2 Qd2+ 50. Rf2 Qd5+
51. Kg1 a5 52. h3 Re3 53. Kh2 Kb6 54. Qh8 Re5 55. Qb8+ Kc5 56. Rc2+ Kd4 57.
Rd2+ Kc3 58. Qb2+ Kc4 59. Rc2+ Kd3 60. Rc3+ Kd4 61. Qd2+ Ke4 62. Qf4# 1-0

[Event "Retro WM 84 Glasgow"]
[Site "Salzgitter"]
[Date "2020.02.21"]
[Round "12"]
[White "Fidelity Prestige Glasg. CB16, 6 MHz"]
[Black "Sandy TSB 4 La Regence , 8 MHz"]
[Result "1-0"]
[WhiteElo "1870"]
[BlackElo "1730"]
[PlyCount "137"]

1. d4 d5 2. c4 e6 3. Nc3 Nf6 4. Bg5 Be7 5. e3 O-O 6. Nf3 Nbd7 7. Rc1 c6 8. Bd3
h6 9. Bf4 Nh5 10. Be5 Qb6 11. cxd5 exd5 12. Qc2 Nxe5 13. Nxe5 Be6 14. Bh7+ Kh8
15. O-O Nf6 16. Bd3 a5 17. Na4 Qa7 18. Nc5 Bxc5 19. dxc5 Kg8 20. f4 d4 21. exd4
Rfd8 22. Qa4 Nh5 23. Rce1 Rac8 24. Ng6 Rc7 25. f5 Bxf5 26. Bxf5 fxg6 27. Bxg6
Nf6 28. Qc4+ Rd5 29. Bf5 Kh8 30. Re3 b6 31. Bd3 Rf7 32. Bg6 Rf8 33. Be4 Qe7 34.
Rff3 Nxe4 35. Rxe4 Qxe4 36. Rxf8+ Kh7 37. cxb6 Rxd4 38. Qg8+ Kg6 39. Qb3 Rd2
40. Qg3+ Kh7 41. Rf4 Qe2 42. h3 Rxb2 43. Rf7 Qd1+ 44. Kh2 Qd4 45. b7 Kg8 46.
Qc7 Rb5 47. Rd7 Qf6 48. b8=Q+ Rxb8 49. Qxb8+ Kh7 50. Ra7 Qc3 51. Qb1+ Kg8 52.
Qb3+ Qxb3 53. axb3 h5 54. Rxa5 h4 55. Rf5 g6 56. Rf6 Kg7 57. Rxc6 g5 58. g3 Kf7
59. b4 Kg7 60. b5 Kf7 61. b6 Ke7 62. Rc7+ Kf6 63. b7 Ke6 64. b8=Q hxg3+ 65.
Kxg3 Kf5 66. Rc5+ Kf6 67. Qd6+ Kf7 68. Rc7+ Kg8 69. Qd8# 1-0

[Event "Retro WM 84 Glasgow"]
[Site "Salzgitter"]
[Date "2020.02.22"]
[Round "31"]
[White "Sandy TSB 4 La Regence , 8 MHz"]
[Black "Fidelity Prestige Glasg. CB16, 6 MHz"]
[Result "0-1"]
[WhiteElo "1730"]
[BlackElo "1870"]
[PlyCount "96"]

1. c4 c5 2. Nf3 Nf6 3. Nc3 d6 4. d4 cxd4 5. Qxd4 Nc6 6. Qd3 e5 7. Be3 Be7 8. h4
Be6 9. Ng5 O-O 10. Nxe6 fxe6 11. g3 Nb4 12. Qd2 d5 13. Bg2 d4 14. Bxb7 dxe3 15.
fxe3 Qxd2+ 16. Kxd2 Rab8 17. Bf3 Rbd8+ 18. Kc1 Bc5 19. e4 Be3+ 20. Kb1 Rd2 21.
Rd1 Rfd8 22. Rxd2 Rxd2 23. a3 Nc6 24. b4 Bd4 25. Na2 Rd1+ 26. Nc1 Bxa1 27. e3
Re1 28. b5 Na5 29. c5 Nb3 30. Ka2 Nxc1+ 31. Kxa1 Nd3+ 32. Ka2 Nxc5 33. g4 Rxe3
34. Bd1 Nfxe4 35. Bc2 Nc3+ 36. Kb2 e4 37. a4 N3xa4+ 38. Ka2 Nc3+ 39. Ka3 Nxb5+
40. Kb4 a6 41. Kxc5 Rc3+ 42. Kb6 Rxc2 43. Kxa6 Nd6 44. Kb6 e3 45. h5 e2 46. h6
e1=Q 47. g5 Qb4+ 48. Ka6 Ra2# 0-1

[Event "Retro WM 84 Glasgow"]
[Site "Salzgitter"]
[Date "2020.02.22"]
[Round "29"]
[White "Sandy TSB 4 La Regence , 8 MHz"]
[Black "Novag SuperConst. TM , 16 MHz"]
[Result "0-1"]
[WhiteElo "1730"]
[BlackElo "1950"]
[PlyCount "72"]

1. d4 Nf6 2. c4 c5 3. d5 e6 4. Nc3 exd5 5. cxd5 d6 6. e4 g6 7. Bd3 Bg7 8. Nge2
O-O 9. Bf4 Qe7 10. O-O Nbd7 11. Qa4 Nb6 12. Qa3 Nbd7 13. Nb5 Ne5 14. Bxe5 Qxe5
15. f4 Qe7 16. Nxa7 Qc7 17. Rac1 b6 18. e5 Rxa7 19. Qb3 dxe5 20. Nc3 Ba6 21.
Bxa6 Rxa6 22. Qc4 Rfa8 23. b4 exf4 24. Qxf4 Qxf4 25. Rxf4 Bh6 26. Rcf1 Bxf4 27.
Rxf4 Ra3 28. Rxf6 Rxc3 29. Rxb6 Rc1+ 30. Kf2 Rxa2+ 31. Kf3 Rc3+ 32. Ke4 Rc4+
33. Kf3 Rxb4 34. Rc6 Ra3+ 35. Kf2 Rb2+ 36. Kf1 Ra1# 0-1

[Event "Retro WM 84 Glasgow"]
[Site "Salzgitter"]
[Date "2020.02.22"]
[Round "10"]
[White "Novag SuperConst. TM , 16 MHz"]
[Black "Sandy TSB 4 La Regence , 8 MHz"]
[Result "1-0"]
[WhiteElo "1950"]
[BlackElo "1730"]
[PlyCount "75"]

1. e4 c5 2. Nf3 d6 3. Nc3 Nc6 4. Bc4 e5 5. O-O Be7 6. d3 Bg4 7. h3 Bh5 8. Nd5
Nf6 9. Be3 Qa5 10. g4 Bg6 11. Bd2 Qd8 12. Nh4 Nxd5 13. Nxg6 hxg6 14. exd5 Nd4
15. c3 b5 16. cxd4 bxc4 17. dxc5 dxc5 18. Qf3 cxd3 19. Rfe1 Rb8 20. Bc3 e4 21.
Rxe4 d2 22. Bxg7 Rh7 23. Bc3 Qd7 24. Bf6 Rxh3 25. Qxh3 Kd8 26. Rxe7 Qxe7 27.
Bxe7+ Kxe7 28. Qc3 Rb5 29. Rd1 f5 30. Qg7+ Kd6 31. Qf6+ Kc7 32. Qc6+ Kb8 33.
Qxb5+ Ka8 34. Qc6+ Kb8 35. d6 a5 36. Qb6+ Ka8 37. d7 fxg4 38. d8=Q# 1-0